Monte carlo methods. (Record no. 28787)

000 -LEADER
fixed length control field 00612 a2200181 4500
020 ## - INTERNATIONAL STANDARD BOOK NUMBER
International Standard Book Number 0471898392
020 ## - INTERNATIONAL STANDARD BOOK NUMBER
International Standard Book Number 9780471898399
082 04 - DEWEY DECIMAL CLASSIFICATION NUMBER
Classification number 519.282
090 ## - LOCALLY ASSIGNED LC-TYPE CALL NUMBER (OCLC); LOCAL CALL NUMBER (RLIN)
-- 149
-- 149
100 1# - MAIN ENTRY--PERSONAL NAME
Personal name Kalos, Malvin H.
245 10 - TITLE STATEMENT
Title Monte carlo methods.
Number of part/section of a work Volume 1 :
Remainder of title basics /
Statement of responsibility, etc. Malvin H. Kalos, Paula A. Whitlock.
250 ## - EDITION STATEMENT
Edition statement 1st ed.
260 ## - PUBLICATION, DISTRIBUTION, ETC.
Place of publication, distribution, etc. [S.l.] :
Name of publisher, distributor, etc. John Wiley & Sons, Inc.,
Date of publication, distribution, etc. 1986.
300 ## - PHYSICAL DESCRIPTION
Extent 186 p. ;
Dimensions 24 cm.
700 1# - ADDED ENTRY--PERSONAL NAME
Personal name Whitlock, Paula A.
942 ## - ADDED ENTRY ELEMENTS (KOHA)
Institution code [OBSOLETE] SNS
Koha item type Book
Call number prefix 519.282 KAL
Holdings
Withdrawn status Lost status Damaged status Not for loan Permanent Location Current Location Date acquired Total Checkouts Full call number Barcode Date last seen Price effective from Koha item type
        School of Natural Sciences (SNS) School of Natural Sciences (SNS) 05/26/2016   519.282 KAL SNS0000044 05/26/2016 05/26/2016 Book
© 2023 Central Library, National University of Sciences and Technology. All Rights Reserved.